Estadísticas para Países por Pistas #3

Haz click aquí para intentar la prueba.

Estadísticas generales

  • Esta prueba ha sido intentada 2.070 veces
  • La puntuación promedio es 15 de 22

Estadísticas de respuestas

PistasPaís% Correcto
Pirámides, Cleopatra, Plaza TahrirEgipto
100%
Machu Picchu, Ceviche, FujimoriPerú
93%
Trébol, James Joyce,
Piedra Blarney
Irlanda
91%
Volcanes, Vikingos, BjörkIslandia
89%
Madeira, Vasco da Gama, AlgarvePortugal
85%
Micronación, Pirineos, CatalánAndorra
84%
Sin salida al mar, Guaraní, AsunciónParaguay
81%
Malgache, Lémures, AntananarivoMadagascar
73%
Dragon Tattoo, Malmö, Igualdad de ingresosSuecia
73%
Lago Titicaca, Cochabamba, Hoja de CocaBolivia
71%
Balcanes, Playas, DubrovnikCroacia
69%
Citgo, Chávez, Isla MargaritaVenezuela
68%
Borscht, Mar Negro, OdessaUcrania
65%
Kilimanjaro, Dodoma, SwahiliTanzania
64%
Ceilán, Cingalés, Forma de lágrimaSri Lanka
61%
Lago Victoria, Kampala, Idi AminUganda
54%
Maasai, Mombasa, MaratonesKenia
52%
Isla Dividida, Larnaca, Nacimiento de AfroditaChipre
50%
Luzón, Retorno de MacArthur, TagaloFilipinas
43%
Tutsis, Kigali, Gorilas de montañaRuanda
41%
Papa Doc, Revolución de esclavos, Wyclef JeanHaití
31%
Black Hawk Down, Shari'a, Golfo de AdénSomalia
29%

Distribución de puntuación

Porcentaje por número respondido

Porcentaje de gente con cada puntuación

Historial de tus puntuaciones

No has intentado esta prueba.